000 00581cam a22002053a 4500
001 39075
003 PGUSA
005 20140828083851.0
008 120307s2012||||xxu|||||s|||||000 | eng d
040 _aPGUSA
_beng
042 _adc
100 1 _aBrown, Margaret Wright
245 1 0 _aMending and Repair of Books
_h[electronic resource] /
_cMargaret Wright Brown
260 _bProject Gutenberg,
_c2012
506 _aPublic domain in the USA.
516 _aElectronic text
830 0 _aProject Gutenberg
_v39075
856 4 0 _uhttp://www.gutenberg.org/ebooks/39075
942 _cEB
999 _c268328
_d268328